Resilience Tests of Milling Cutters with Constructive Feed; Applied Mechanics and Materials; Vol. 770 : Urgent Problems of Up-to-Date Mechanical Engineering
| Parent link: | Applied Mechanics and Materials: Scientific Journal Vol. 770 : Urgent Problems of Up-to-Date Mechanical Engineering.— 2015.— [P. 294-298] |
|---|---|
| Corporate Authors: | , |
| Drugi avtorji: | , , , |
| Izvleček: | Title screen The technique and results of resilience tests of mills for processing small-size periodic profiles with different schemes forming the profile of the cutting edge - with full-profile and constructive feed are represented. Practical recommendations for the use of cutting parameters for tools with constructive feed are given. Режим доступа: по договору с организацией-держателем ресурса |
| Jezik: | angleščina |
| Izdano: |
2015
|
| Serija: | Materials Science in Mechanical Engineering |
| Teme: | |
| Online dostop: | http://dx.doi.org/10.4028/www.scientific.net/AMM.770.294 |
| Format: | Elektronski Book Chapter |
| KOHA link: | https://koha.lib.tpu.ru/cgi-bin/koha/opac-detail.pl?biblionumber=643387 |
MARC
| LEADER | 00000nla2a2200000 4500 | ||
|---|---|---|---|
| 001 | 643387 | ||
| 005 | 20240214131330.0 | ||
| 035 | |a (RuTPU)RU\TPU\network\8379 | ||
| 035 | |a RU\TPU\network\8377 | ||
| 090 | |a 643387 | ||
| 100 | |a 20150908a2015 k y0engy50 ba | ||
| 101 | 0 | |a eng | |
| 105 | |a a z 101zy | ||
| 135 | |a drcn ---uucaa | ||
| 181 | 0 | |a i | |
| 182 | 0 | |a b | |
| 200 | 1 | |a Resilience Tests of Milling Cutters with Constructive Feed |f F. A. Simankin [et al.] | |
| 203 | |a Text |c electronic | ||
| 225 | 1 | |a Materials Science in Mechanical Engineering | |
| 300 | |a Title screen | ||
| 330 | |a The technique and results of resilience tests of mills for processing small-size periodic profiles with different schemes forming the profile of the cutting edge - with full-profile and constructive feed are represented. Practical recommendations for the use of cutting parameters for tools with constructive feed are given. | ||
| 333 | |a Режим доступа: по договору с организацией-держателем ресурса | ||
| 461 | 0 | |0 (RuTPU)RU\TPU\network\5920 |t Applied Mechanics and Materials |o Scientific Journal | |
| 463 | 0 | |0 (RuTPU)RU\TPU\network\8263 |t Vol. 770 : Urgent Problems of Up-to-Date Mechanical Engineering |o International conference, December 11-12, 2014, Yurga, Russia |o [proceedings] |f National Research Tomsk Polytechnic University (TPU) ; ed. D. A. Chinakhov |v [P. 294-298] |d 2015 | |
| 610 | 1 | |a электронный ресурс | |
| 610 | 1 | |a труды учёных ТПУ | |
| 610 | 1 | |a устойчивость | |
| 610 | 1 | |a фрезы | |
| 610 | 1 | |a сопротивляемость | |
| 610 | 1 | |a резка | |
| 701 | 1 | |a Simankin |b F. A. |c physicist |c Associate Professor of Tomsk Polytechnic University, Candidate of technical sciences |f 1974- |g Fedor Arkadievich |3 (RuTPU)RU\TPU\pers\35174 |9 18440 | |
| 701 | 1 | |a Protasyev |b V. B. | |
| 701 | 1 | |a Simankin |b A. F. | |
| 701 | 1 | |a Botova |b A. L. |c linguist |c Lecturer of Tomsk Polytechnic University |f 1980- |g Anastasiya Leonidovna |3 (RuTPU)RU\TPU\pers\33176 | |
| 712 | 0 | 2 | |a Национальный исследовательский Томский политехнический университет (ТПУ) |b Институт физики высоких технологий (ИФВТ) |b Кафедра теоретической и прикладной механики (ТПМ) |3 (RuTPU)RU\TPU\col\18695 |
| 712 | 0 | 2 | |a Национальный исследовательский Томский политехнический университет (ТПУ) |b Физико-технический институт (ФТИ) |b Кафедра иностранных языков физико-технического института (ИЯФТ) |3 (RuTPU)RU\TPU\col\18736 |
| 801 | 2 | |a RU |b 63413507 |c 20150910 |g RCR | |
| 856 | 4 | 0 | |u http://dx.doi.org/10.4028/www.scientific.net/AMM.770.294 |
| 942 | |c CF | ||